| 000 | 00423nam a2200157 i 4500 | ||
|---|---|---|---|
| 001 | 36932 | ||
| 003 | ES-MaACL | ||
| 005 | 20230906155454.0 | ||
| 007 | t| | ||
| 008 | 030219s1972 sp ||||1| spa d | ||
| 100 | 1 |
_aBrowv, Gerard. _932039 |
|
| 245 | 1 | 3 |
_aEl diagnóstico de la empresa / _cGerard Browv. |
| 260 |
_aMadrid : _bI.E.E., _c[1972] |
||
| 300 |
_a272 p. : _bil. ; _c28 cm. |
||
| 852 |
_aES-MaACL _jC-42919 _bR.82400 |
||
| 999 |
_c36932 _d36932 |
||